000 02033nam0a2200349 4500
001 RU\NLR\bibl\1827082
005 20260407072949.0
010 _a978-5-4350-0008-5
021 _aRU
_b2011-2693и
_9358и
035 _a(NLR Aleph) 001817603
090 _a1960272
_c1960272
100 _a20111031d2011 |||y0rusy50 ca
101 0 _arus
102 _aRU
105 _aa |||||||||
200 1 _aОфорты Сальвадора Дали из собрания Государственного музея изобразительных искусств имени А.С. Пушкина
_e[альбом]
_fГос. музей изобраз. искусств им. А.С. Пушкина
_g[авт. и сост. И.А. Никифорова]
210 _aМосква
_cСканруС
_d2011
215 _a96 с.
_cил., цв. ил.
_d29
601 0 2 _aГосударственный музей изобразительных искусств им. А.С. Пушкина
_cМосква, город
_jАльбомы
_xКоллекция графики
_92348025
_3RU\NLR\AUTH\661403008
604 _1200#1$aДали$gСальвадор$bС.$f1904 - 1989
_12351#$aОфорты
_aДали, Сальвадор (1904 - 1989)
_tОфорты
_jАльбомы
_3RU\NLR\AUTH\661569662
_92091961
686 _aЩ153(4Ис)6-8Дали
686 _aЩ101.3(2Р)-2Москва2Гос. музей изобр. и-в им. Пушкина
700 1 _4070
_8rus
_7ca
_aДали
_bС.
_f1904-1989
_gСальвадор
_3RU\NLR\auth\774738
_9114715
702 1 _4220
_8rus
_7ca
_aНикифорова
_bИ. А.
_cискусствовед
_gИрина Алексеевна
_3RU\NLR\auth\7779833
_962761
712 0 2 _4570
_aГосударственный музей изобразительных искусств им. А. С. Пушкина
_cМосква
_3RU\NLR\AUTH\883002
_9277150
801 0 _aRU
_bNLR
_c20111031
_gRCR
801 1 _aRU
_bNLR
_c20111031
942 _cBOOK
980 _aNB
980 _aNBR